| 000 | 01177nam a22002657a 4500 | ||
|---|---|---|---|
| 001 | BRCA_9281 | ||
| 003 | FranzMayer | ||
| 005 | 20230721130936.0 | ||
| 008 | 230721b |||||||| |||| 00| 0 eng d | ||
| 040 |
_aMFM _besp _cMFM |
||
| 050 | 4 |
_aLE50 _bC53 1747 |
|
| 082 | _2PA6220.A25 | ||
| 100 | 1 |
_4Autor _aCicerón, Marco Tulio _928904 |
|
| 240 | 1 |
_aEpístolas ó cartas de Marco Tulio Cicerón, vulgarmente llamadas Familiares _hTomo III _lespañol |
|
| 245 | 0 |
_aEpístolas ó cartas de Marco Tulio Cicerón, vulgarmente llamadas Familiares _bTomo III |
|
| 260 |
_aValencia, España _bHermanos de Orga _c1747 |
||
| 300 |
_a552 _c18 cm |
||
| 440 |
_aEpístolas ó cartas de Marco Tulio Cicerón vulgarmente llamadas familiares _pTomo III _928905 |
||
| 500 | _aEl libro tiene hojas dañadas a distintos niveles, en algunos casos esto dificulta la lectura | ||
| 505 | 0 | _aTexto en: españolDirigido a: teólogos, historiadores, obisposIncluye índice temático | |
| 650 | 1 |
_2Literatura romana _aAutores individuales _vCicerón _928906 |
|
| 651 | 2 |
_2Epístolas _aCartas "familiares" _vMario Tulio Cicerón _928907 |
|
| 700 | 1 |
_4Trad. _aAbril, Simón Pedro _928908 |
|
| 942 |
_2lcc _cB |
||
| 999 |
_c10900 _d10900 |
||